1527 1355 1377 1815 1463 1254 1791 1804 1354 1850 1303 1479 1857 1705 1185 1052 1138 1553 1109 1311 1780 1399 1986 1955 1940 1928 1735 1831 1695 1146 1814 1592 1607 1468 1512 1288 1343 1862 1891 1668 1621 1072 1002 1947 1439 1578 1292 1205 1314 1614 1452 1117 1590 1123 1797 1310 1387 1773 1286 1087 1813 1979 1834 1002 1858 1975 1520 1104 1071 1590 1018 1285 1282 1796 1778 1294 1548 1694 1457 1530 1314 1624 1595 1944 1955 1535 1432 1380 1879 1283 1059 1245 1851 1989 1637 1623 1021 1785 1974 BCNSPRNW ULIB Ver.6.0+V

เปลี่ยนเป็นภาษาไทย

Change to English
 แสดงรายละเอียดบรรณานุกรม
  กลับหน้าหลัก

Brief Record : Get Marc (ISO 2709) : E-mail record : QR code < ปิดหน้าต่าง
LEADER : 00000nam 2200000uu 4500
001    13399121190
003     ULIB
008    121108s2550||||th 000 0 tha d
020    ^a9747195518
050 04 ^aLB2369^bม161
100 0  ^aมนสิช สิทธิสมบูรณ์
245 10 ^aชุดฝึกปฏิบัติการเหนือตำรา :^bการทำวิจัยในชั้นเรียน /^cมนสิช สิทธิสมบูรณ์
250    ^aพิมพ์ครั้งที่ 3
260    ^aพิษณุโลก :^bคณะศึกษาศาสตร์ มหาวิทยาลัยนเรศวร,^c2550
300    ^a69 หน้า ;^c30 ซม
650  7 ^aวิจัยเชิงปฏิบัติการ
650  7 ^aขั้นเรียน^xวิจัย
945    ^p143^l0^i16495
995    ^aวิภา
999 ^a ทศพร
รายการนี้ยังไม่มีแท็ก
คุณยังไม่ได้ล็อกอิน คุณสามารถมีกิจกรรมร่วมกับเว็บไซต์ได้ แต่ต้องล็อกอินก่อน ::
  ล็อกอิน

รายการสื่อสารสนเทศ

ลำดับที่ ประเภท เลขเรียก/บาร์โค้ด สถานที่ สถานะ
1. วิทยาศาสตร์การแพทย์ และสุขภาพ
วิทยาศาสตร์การแพทย์ และสุขภาพ
LB2369 ม161  
  Barcode: 16495
ห้องสมุดวิทยาเขตสวรรค์ประชารักษ์
►หนังสือทั่วไป
บนชั้น

รายการใกล้เคียง
    ผู้แต่ง [มนสิช สิทธิสมบูรณ์]

    หัวเรื่อง [วิจัยเชิงปฏิบัติการ]

BibComment


ยังไม่เคยถูกคอมเมนท์

คอมเมนท์ทรัพยากรรายการนี้
  คอมเมนท์: ชุดฝึกปฏิบัติการ..


 Copyright 2026. Bcnsprnw @Library